Statistics for Modern Countries in the Bible

Click here to take the quiz!

General Stats

  • This quiz has been taken 319 times
  • The average score is 7 of 11

Answer Stats

Answer% Correct
Israel
96%
Egypt
94%
Greece
80%
Lebanon
75%
Cyprus
55%
Ethiopia
55%
Libya
52%
India
46%
Malta
42%
Spain
35%
Macedonia
30%

Score Distribution

Percentile by Number Answered

Percent of People with Each Score

Your Score History

You have not taken this quiz